La gran convención de 1831-1833. Recopilación de las actas, sesiones, discursos, proyectos i artículos de diarios relativos a la Constitución de 1833

Furkejuvvon:
Bibliográfalaš dieđut
Váldodahkki: Letelier Madariaga, Valentín (Dahkki)
Materiálatiipa: Girji
Giella:espánnjágiella
Almmustuhtton: Santiago, Chile Imprenta Cervantes 1901
Preanttus:Obra ejecutada con arreglos a las instrucciones de la Comisión de Policia de la Cámara de Diputados
Fáttát:
Liŋkkat:Acceso texto completo
Fáddágilkorat: Lasit fáddágilkoriid
Eai fáddágilkorat, Lasit vuosttaš fáddágilkora!

MARC

LEADER 00000cam a2200000 a 4500
001 UCF9117
003 CL-VaPUC
005 20240807163629.0
008 131025e19010000cl |||||||||||||||||spa|d
999 |c 353602  |d 353600 
040 |c Pontificia Universidad Católica de Valparaíso 
082 0 4 |a 342.83 LET 1901  |2 21 
100 |a Letelier Madariaga, Valentín   |e author  |9 351363 
245 1 3 |a La gran convención de 1831-1833.   |b Recopilación de las actas, sesiones, discursos, proyectos i artículos de diarios relativos a la Constitución de 1833 
250 |a Obra ejecutada con arreglos a las instrucciones de la Comisión de Policia de la Cámara de Diputados 
260 |a Santiago, Chile   |b Imprenta Cervantes  |c 1901 
300 |a 380 páginas  
583 |a last modification  |c 20131025 12:28:00  |k Rodrigo Vera 
650 0 |a Derecho constitucional   |9 222588 
650 0 |a Derecho constitucional chileno  |9 478271 
650 7 |a CONSTITUCION POLITICA DE 1833  |2 CL-VaPUC  |9 389870 
852 |a BIBCUR 
856 |u http://opac.pucv.cl/pucv_txt/Txt-9000/UCF9117_01.pdf  |z Acceso texto completo  
942 |c BK  |2 ddc 
945 |d 20131025 12:28:00  |a cmena 
952 |0 0  |1 0  |2 ddc  |3 erd  |4 0  |5 1  |6 342_830000000000000_LET_1901  |7 1  |8 C_LRYV  |9 458937  |a FDOBRV  |b BIBDER  |d 2019-11-23  |i 5020808  |o 342.83 LET 1901  |p 5020808  |r 2023-01-25  |w 2019-11-23  |y BK_X  |z Catalogado en:20131025  |k BRV